00593nam a2200169Ia 4500008004100000041000800041082001600049100002300065245005600088250001300144260002400157300002700181365001600208700002300224999001900247952015700266230719s9999 xx 000 0 und d aeng a363.25bBRI aBritz M.T.9192441 aComputer Forensics And Cyber CrimebAn Introduction a 2nd ed. c2009bPrentice Hall a380dRef 73 IT (39761) cRs.b197.00 aBritz M.T.9192441 c354126d354126 00104070aCCEPbCCEPcDonated Bookd2013-03-11eMasurkar Enterprisesg197.00o363.25pCCEP-DB-331r2023-07-19 00:00:00v394.00w2023-07-19yBKzD00331